Bolivia en movimiento: acción colectiva y poder político
I tiakina i:
| Kaituhi matua: | |
|---|---|
| Ētahi atu kaituhi: | |
| Hōputu: | Pukapuka |
| Reo: | Pāniora |
| I whakaputaina: |
Barcelona, España
El viejo topo
2007
|
| Ngā marau: | |
| Ngā Tūtohu: |
Tāpirihia he Tūtohu
Kāore He Tūtohu, Me noho koe te mea tuatahi ki te tūtohu i tēnei pūkete!
|
MARC
| LEADER | 00000nam a2200000 a 4500 | ||
|---|---|---|---|
| 001 | UCI5663 | ||
| 003 | CL-VaPUC | ||
| 005 | 20210617001431.0 | ||
| 008 | 080404e20070000SP |||||||||||||||||spa|d | ||
| 999 | |c 329384 |d 329382 | ||
| 020 | |a 9788496831254 | ||
| 040 | |c Pontificia Universidad Católica de Valparaíso | ||
| 082 | 0 | 4 | |a 322.4 ESP 2007 |2 21 |
| 100 | 0 | |a Espasandín López, Jesús |e autor |9 528206 | |
| 245 | 1 | 0 | |a Bolivia en movimiento: acción colectiva y poder político |
| 260 | 0 | 3 | |a Barcelona, España |b El viejo topo |c 2007 |
| 300 | |a 382 páginas | ||
| 500 | |a Contiene un DVD | ||
| 583 | |a last modification |c 20160105 11:29:53 |k Rodrigo Vera | ||
| 650 | 0 | |a Política y gobierno |9 255151 | |
| 650 | 0 | |a Movimientos sociales |9 315241 | |
| 650 | 0 | |a Acción comunitaria |9 337628 | |
| 700 | 0 | |a Iglesias Turrón, Pablo |e autor |9 528207 | |
| 942 | |c BK |2 ddc | ||
| 945 | |d 20080404 00:00:00 |a jtorresc | ||
| 952 | |0 0 |1 0 |2 ddc |4 0 |6 322_400000000000000_ESP_2007 |7 0 |8 A |9 413982 |a BIBHIS |b BIBHIS |d 2019-11-22 |i 4424050 |o 322.4 ESP 2007 |p 4424050 |r 2025-01-20 |t 1 |w 2019-11-22 |y BK |k HIS | ||